000 00327nam a2200145Ia 4500
008 230917s9999||||xx |||||||||||||| ||und||
040 _e131371
_aMAIN
041 _aEnglish
082 _a330.1 V197M
100 _aVaish
245 0 _aMacroeconomic theory
260 _aDelhi
_bVaish
_c1973
300 _a430 p.
942 _cBK
999 _c126250
_d126250